[Event "SVK-chT1W 0607"]
[Site "Slovakia"]
[Date "2006.11.05"]
[Round "4.2"]
[White "Malac, Miroslav"]
[Black "Peska, Juraj"]
[Result "1/2-1/2"]
[WhiteElo "2109"]
[BlackElo "1955"]
[PlyCount "85"]
[EventDate "2006.10.07"]
[EventType "team-tourn"]
[EventRounds "11"]
[EventCountry "SVK"]
[SourceTitle "EXT 2008"]
[Source "ChessBase"]
[SourceDate "2007.11.25"]
[SourceVersion "1"]
[SourceVersionDate "2007.11.25"]
[SourceQuality "1"]
[WhiteTeam "Bratislava Slovan"]
[BlackTeam "Hlohovec SK Zentiva II"]
[WhiteTeamCountry "SVK"]
[BlackTeamCountry "SVK"]

1. e4 c6 2. d3 d5 3. Nd2 e5 4. Ngf3 Bg4 5. h3 Bxf3 6. Nxf3 Nd7 7. g3 Ngf6 8. Bg2 Bc5 9. Qe2 dxe4 10. dxe4 0-0 11. 0-0 Qc7 12. b3 Rfe8 13. Bb2 Nf8 14. Rad1 Ng6 15. Rd3 Rad8 16. Rfd1 Rxd3 17. Rxd3 h6 18. Nd2 Rd8 19. Nc4 Rxd3 20. Qxd3 b5 21. Ne3 Qd7 22. Ng4 Qe7 23. Bf3 Nxg4 24. Bxg4 Qf6 25. Qd2 Nf8 26. Kg2 Qd6 27. Bc3 Ne6 28. Qxd6 Bxd6 29. Ba5 Kf8 30. Bxe6 fxe6 31. Kf3 Kf7 32. Ke2 Ke7 33. Bd2 Kf6 34. Kd3 Bc5 35. Be3 Bxe3 36. Kxe3 Ke7 37. Kd3 Kd6 38. h4 g6 39. a3 a6 40. c4 Kc5 41. cxb5 cxb5 42. Kc3 a5 43. b4+ 1/2-1/2

[Event "SVK-chT1W 0304"]
[Site "Slovakia"]
[Date "2004.??.??"]
[Round "9"]
[White "Malac, Miroslav"]
[Black "Rovnak, Peter"]
[Result "1-0"]
[WhiteElo "2155"]
[BlackElo "2150"]
[PlyCount "85"]
[EventDate "2003.10.??"]
[EventType "team"]
[EventRounds "9"]
[EventCountry "SVK"]
[SourceTitle "EXT 2005"]
[Source "ChessBase"]
[SourceDate "2004.11.15"]
[SourceVersion "1"]
[SourceVersionDate "2004.11.15"]
[SourceQuality "1"]

1. e4 Nf6 2. Nc3 d5 3. exd5 Nxd5 4. Bc4 c6 5. Qf3 e6 6. Bb3 Nd7 7. d4 Bb4 8. Nge2 0-0 9. 0-0 N7f6 10. Bg5 Nxc3 11. bxc3 Be7 12. Rfe1 Qc7 13. c4 c5 14. Bf4 Bd6 15. Bxd6 Qxd6 16. c3 Bd7 17. Rad1 b5 18. Nf4 cxd4 19. cxb5 Bxb5 20. Nxe6 Bc6 21. Qh3 Bd7 22. Rxd4 Qc6 23. Ba4 Qb7 24. Bxd7 Nxd7 25. Nxf8 Nxf8 26. Qd3 Qb2 27. Qd2 Qa3 28. h3 Rb8 29. Rb4 Rc8 30. Rc1 a5 31. Rb7 Ne6 32. Qb2 Qd6 33. Qb6 Qd2 34. Qe3 Qd5 35. Rcb1 Qxa2 36. Rb8 Qc4 37. Qe5 Nf8 38. Rxc8 Qxc8 39. Rb8 Qd7 40. Qc5 Qd1+ 41. Kh2 h6 42. Qxf8+ Kh7 43. Qc5 1-0

[Event "SVK-chT1W 0304"]
[Site "Slovakia"]
[Date "2003.??.??"]
[Round "6"]
[White "Federic, Pavol"]
[Black "Malac, Miroslav"]
[Result "0-1"]
[WhiteElo "2135"]
[BlackElo "2155"]
[PlyCount "72"]
[EventDate "2003.10.??"]
[EventType "team"]
[EventRounds "9"]
[EventCountry "SVK"]
[SourceTitle "EXT 2005"]
[Source "ChessBase"]
[SourceDate "2004.11.15"]
[SourceVersion "1"]
[SourceVersionDate "2004.11.15"]
[SourceQuality "1"]

1. e4 c5 2. Nf3 e6 3. d4 cxd4 4. Nxd4 Nf6 5. Nc3 d6 6. Be2 Be7 7. 0-0 a6 8. f4 0-0 9. Kh1 Qc7 10. Bf3 Nc6 11. Be3 Nxd4 12. Bxd4 e5 13. Be3 exf4 14. Bxf4 Be6 15. Qe1 Nd7 16. Rd1 Ne5 17. Qg3 Rfe8 18. Rf2 Bf8 19. Nd5 Bxd5 20. Rxd5 f6 21. h3 Rad8 22. Bc1 Qc4 23. b3 Qc3 24. Bd2 Qa1+ 25. Kh2 Kh8 26. Ba5 Rc8 27. c4 g6 28. Rd1 Nxf3+ 29. Qxf3 Qe5+ 30. Kh1 Qxa5 31. Qxf6+ Bg7 32. Qh4 Qe5 33. Rf7 g5 34. Qh5 Re7 35. Rf5 Qxe4 36. Qxg5 Re5 0-1

[Event "SVK-chT 5th B02 corr"]
[Site "Slovakia"]
[Date "2002.02.15"]
[Round "?"]
[White "Capak, Stefan"]
[Black "Malac, Miroslav"]
[Result "1/2-1/2"]
[WhiteElo "2363"]
[BlackElo "2387"]
[PlyCount "90"]
[EventDate "2002.02.15"]
[EventType "team (corr)"]
[EventRounds "14"]
[EventCountry "SVK"]
[SourceTitle "Corr 2004"]
[Source "ChessBase"]
[SourceDate "2003.04.28"]
[SourceVersion "3"]
[SourceVersionDate "2003.04.28"]
[SourceQuality "1"]

1. d4 d5 2. c4 dxc4 3. Nf3 Nf6 4. e3 e6 5. Bxc4 a6 6. 0-0 c5 7. a4 Nc6 8. Qe2 cxd4 9. Rd1 Be7 10. exd4 0-0 11. Nc3 Nd5 12. Bb3 Re8 13. h4 Na5 14. Bc2 Nb4 15. h5 Nxc2 16. Qxc2 Bd7 17. h6 Bc6 18. d5 exd5 19. hxg7 Qd6 20. Be3 Nc4 21. Bd4 Qg6 22. Qxg6 fxg6 23. b3 Nd6 24. Be5 Nf7 25. Nxd5 Nxe5 26. Nxe5 Bxd5 27. Rxd5 Rad8 28. Nd7 Kxg7 29. Rad1 Rc8 30. Nb6 Rcd8 31. Nd7 h5 32. g3 Bb4 33. R1d4 Bc3 34. Rd3 Bb4 35. R3d4 Re7 36. Rxb4 Rexd7 37. Rxd7+ Rxd7 38. Rb6 Kh6 39. f4 Rf7 40. Kg2 h4 41. gxh4 Rxf4 42. Rxb7 Rxh4 43. a5 Rh5 44. b4 Rh4 45. Kg3 g5 1/2-1/2

[Event "SVK-chT 5th B02 corr"]
[Site "Slovakia"]
[Date "2002.02.15"]
[Round "?"]
[White "Kuchyna, Stanislav"]
[Black "Malac, Miroslav"]
[Result "0-1"]
[WhiteElo "2214"]
[BlackElo "2387"]
[PlyCount "54"]
[EventDate "2002.02.15"]
[EventType "team (corr)"]
[EventRounds "14"]
[EventCountry "SVK"]
[SourceTitle "Corr 2004"]
[Source "ChessBase"]
[SourceDate "2003.04.28"]
[SourceVersion "3"]
[SourceVersionDate "2003.04.28"]
[SourceQuality "1"]

1. e4 c5 2. Nc3 Nc6 3. g3 g6 4. Bg2 Bg7 5. d3 d6 6. Be3 e5 7. Qd2 Nge7 8. Bh6 0-0 9. h4 Bxh6 10. Qxh6 f6 11. Qd2 Nd4 12. Nd1 d5 13. c3 Ndc6 14. exd5 Nxd5 15. Ne3 Be6 16. Ne2 Qd7 17. 0-0 Rad8 18. Rfe1 Nde7 19. Red1 b6 20. f4 Nf5 21. Nxf5 Bxf5 22. b3 Rfe8 23. fxe5 Nxe5 24. d4 Bg4 25. Re1 Bf3 26. Rad1 Bxg2 27. Kxg2 Qd5+ 0-1

[Event "SVK-chT 5th B02 corr"]
[Site "Slovakia"]
[Date "2002.02.15"]
[Round "?"]
[White "Malac, Miroslav"]
[Black "Stec, Juraj"]
[Result "1-0"]
[WhiteElo "2387"]
[BlackElo "2346"]
[PlyCount "97"]
[EventDate "2002.02.15"]
[EventType "team (corr)"]
[EventRounds "14"]
[EventCountry "SVK"]
[SourceTitle "Corr 2004"]
[Source "ChessBase"]
[SourceDate "2003.04.28"]
[SourceVersion "3"]
[SourceVersionDate "2003.04.28"]
[SourceQuality "1"]

1. e4 c6 2. d4 d5 3. e5 Bf5 4. Nf3 e6 5. Be2 Ne7 6. 0-0 h6 7. Nbd2 Nd7 8. b3 Ng6 9. Ne1 Nf4 10. Bg4 Bxg4 11. Qxg4 Qg5 12. Qd1 Be7 13. Ndf3 Qg4 14. Bxf4 Qxf4 15. c4 Qf5 16. Qd3 Qxd3 17. Nxd3 dxc4 18. bxc4 0-0-0 19. Rfd1 Nb6 20. c5 Nd5 21. Rac1 Rd7 22. Nb2 Rhd8 23. Nc4 Nf4 24. Rd2 Bxc5 25. g3 Bb4 26. gxf4 Bxd2 27. Ncxd2 Kc7 28. Kf1 Rd5 29. Nc4 f6 30. Ke2 fxe5 31. fxe5 g5 32. Nd6 a6 33. h3 Ra5 34. Rc2 Rf8 35. Nd2 b6 36. N2e4 Rf4 37. Ne8+ Kb8 38. N8f6 Kb7 39. Kf1 Kc7 40. Kg2 Rh4 41. Ne8+ Kd8 42. N4d6 g4 43. Kg3 Rxh3+ 44. Kxg4 Rd3 45. Rxc6 Rxd4+ 46. f4 Kd7 47. Rc7+ Kd8 48. Rb7 Rxe5 49. Nf7+ 1-0

[Event "SVK-chT 5th B02 corr"]
[Site "Slovakia"]
[Date "2002.02.15"]
[Round "?"]
[White "Stec, Juraj"]
[Black "Malac, Miroslav"]
[Result "1-0"]
[WhiteElo "2346"]
[BlackElo "2387"]
[PlyCount "99"]
[EventDate "2002.02.15"]
[EventType "team (corr)"]
[EventRounds "14"]
[EventCountry "SVK"]
[SourceTitle "Corr 2004"]
[Source "ChessBase"]
[SourceDate "2003.04.28"]
[SourceVersion "3"]
[SourceVersionDate "2003.04.28"]
[SourceQuality "1"]

1. e4 c5 2. Nf3 e6 3. d4 cxd4 4. Nxd4 Nf6 5. Nc3 d6 6. g4 h6 7. Bg2 Nc6 8. h3 Bd7 9. Nb3 Qc7 10. f4 Rc8 11. Qe2 a6 12. Be3 Be7 13. Qf2 b5 14. 0-0-0 g5 15. e5 dxe5 16. fxe5 Nxe5 17. Bd4 b4 18. Rhe1 Ng6 19. Bxf6 bxc3 20. Bxc3 Rg8 21. Kb1 Bc6 22. Bf1 Bb5 23. Bxb5+ axb5 24. a3 Qb8 25. Qd4 Qb7 26. Na5 Qc7 27. Qd3 Rb8 28. Rf1 Nf4 29. Qh7 Rf8 30. Qxh6 Rc8 31. Rfe1 Qa7 32. Bg7 Qxa5 33. Bxf8 Bxf8 34. Qxg5 Rc4 35. Qe5 Qc7 36. Qxb5+ Ke7 37. g5 Bg7 38. h4 Rc6 39. Qb4+ Ke8 40. Re4 e5 41. Qa4 Ke7 42. Qa8 Qc8 43. Qxc8 Rxc8 44. Rb4 Rc7 45. a4 Ra7 46. a5 Rxa5 47. Rb7+ Ke6 48. Rdd7 e4 49. Re7+ Kd5 50. c4+ 1-0

[Event "SVK-chT1W 0102"]
[Site "Slovakia"]
[Date "2002.??.??"]
[Round "6"]
[White "Malac, Miroslav"]
[Black "Duben, Igor"]
[Result "0-1"]
[WhiteElo "2150"]
[BlackElo "2145"]
[PlyCount "100"]
[EventDate "2001.10.??"]
[EventType "team"]
[EventRounds "11"]
[EventCountry "SVK"]
[SourceTitle "EXT 2007"]
[Source "ChessBase"]
[SourceDate "2006.11.23"]
[SourceVersion "1"]
[SourceVersionDate "2006.11.23"]
[SourceQuality "1"]

1. e4 e6 2. d3 d5 3. Nd2 Nf6 4. g3 dxe4 5. dxe4 e5 6. Bg2 Bc5 7. Ngf3 Nc6 8. 0-0 0-0 9. c3 a5 10. Qc2 Qe7 11. Nc4 Rd8 12. Ne3 Be6 13. Ng5 Bxe3 14. Bxe3 Ng4 15. Nxe6 Nxe3 16. fxe3 Qxe6 17. b3 Rd6 18. Rad1 Rad8 19. Bf3 Rxd1 20. Rxd1 Rd6 21. Rd5 b6 22. Qd2 Ne7 23. Rd3 Nc8 24. Rd5 c6 25. Rd3 Qd7 26. Be2 Rxd3 27. Bxd3 Qd6 28. b4 g6 29. a3 Kg7 30. Qc2 Ne7 31. Bc4 Ng8 32. Qb3 Nf6 33. Qc2 Qd7 34. Be2 c5 35. bxa5 bxa5 36. Kf2 Qh3 37. Kg1 Qh6 38. Qd3 c4 39. Qd2 Nxe4 40. Qc1 Nd6 41. Qd2 Ne4 42. Qc1 Qh3 43. Qb2 Qc8 44. Bf3 Qc5 45. Kg2 Qxe3 46. h4 Qxc3 47. Qb7 Qd2+ 48. Kh3 Nf2+ 49. Kg2 Ng4+ 50. Kh3 Qh2+ 0-1

[Event "SVK-chT1W 0102"]
[Site "Slovakia"]
[Date "2002.??.??"]
[Round "4"]
[White "Malac, Miroslav"]
[Black "Langova, Katarina"]
[Result "1-0"]
[WhiteElo "2150"]
[BlackElo "2033"]
[PlyCount "61"]
[EventDate "2001.10.??"]
[EventType "team"]
[EventRounds "11"]
[EventCountry "SVK"]
[SourceTitle "EXT 2007"]
[Source "ChessBase"]
[SourceDate "2006.11.23"]
[SourceVersion "1"]
[SourceVersionDate "2006.11.23"]
[SourceQuality "1"]

1. e4 c6 2. d3 e5 3. f4 d6 4. Nf3 Nd7 5. Be2 Ngf6 6. a4 a5 7. Na3 Qc7 8. 0-0 d5 9. exd5 Bc5+ 10. Kh1 exf4 11. dxc6 bxc6 12. Nc4 Nd5 13. d4 Be7 14. c3 0-0 15. Bd3 g6 16. Nce5 f6 17. Nc4 Kg7 18. Bd2 c5 19. Na3 g5 20. Nb5 Qb6 21. Qc2 Rh8 22. Rae1 Qd8 23. Be4 N7b6 24. c4 Nc7 25. Bxa8 Ncxa8 26. Qe4 Kf7 27. Bxa5 Qd7 28. b3 h5 29. d5 Qd8 30. d6 Bf8 31. Qxa8 1-0

[Event "SVK-chT1W 0001"]
[Site "Slovakia"]
[Date "2001.??.??"]
[Round "7"]
[White "Malac, Miroslav"]
[Black "Biro, Karol"]
[Result "1-0"]
[WhiteElo "2138"]
[BlackElo "2237"]
[PlyCount "37"]
[EventDate "2000.??.??"]
[EventType "team"]
[EventRounds "11"]
[EventCountry "SVK"]
[SourceTitle "EXT 2002"]
[Source "ChessBase"]
[SourceDate "2001.11.25"]
[SourceVersion "1"]
[SourceVersionDate "2001.11.25"]
[SourceQuality "1"]

1. e4 c5 2. Nf3 Nc6 3. Nc3 g6 4. d4 cxd4 5. Nxd4 Bg7 6. Be3 Nf6 7. Bc4 0-0 8. Bb3 Na5 9. 0-0 Nxb3 10. axb3 d5 11. Ndb5 dxe4 12. Qxd8 Rxd8 13. Nc7 Rb8 14. Bxa7 Bd7 15. Bxb8 Rxb8 16. Rfd1 e6 17. Nxe4 Bc6 18. Nc3 Bf8 19. N7b5 1-0

[Event "SVK-chT3B 0102"]
[Site "Slovakia"]
[Date "2001.??.??"]
[Round "5"]
[White "Malac, Miroslav"]
[Black "Oprea, Erik"]
[Result "1-0"]
[WhiteElo "2165"]
[BlackElo "2110"]
[PlyCount "87"]
[EventDate "2001.10.??"]
[EventType "team"]
[EventRounds "9"]
[EventCountry "SVK"]
[SourceTitle "EXT 2006"]
[Source "ChessBase"]
[SourceDate "2005.11.24"]
[SourceVersion "1"]
[SourceVersionDate "2005.11.24"]
[SourceQuality "1"]

1. e4 e5 2. Nf3 Nc6 3. Bb5 a6 4. Ba4 Nf6 5. 0-0 b5 6. Bb3 Be7 7. Re1 d6 8. c3 0-0 9. a4 b4 10. d3 Rb8 11. Nbd2 Na5 12. Ba2 c6 13. d4 Qc7 14. h3 Bd7 15. Nf1 b3 16. Bb1 c5 17. Ne3 cxd4 18. cxd4 Rfe8 19. Bd2 Bd8 20. Bc3 g6 21. dxe5 dxe5 22. Nd5 Nxd5 23. exd5 Nc4 24. Bd3 f6 25. Rc1 e4 26. Rxe4 Rxe4 27. Bxe4 Qf4 28. Bd3 Nd6 29. Bd2 Qxa4 30. Ra1 Nc4 31. Rxa4 Nxb2 32. Qb1 Nxd3 33. Rd4 b2 34. Bc3 a5 35. Bxb2 Rxb2 36. Qxd3 Bb6 37. Qc3 Rb1+ 38. Kh2 a4 39. Rc4 Bxf2 40. Qxf6 Rb8 41. Rc7 Rf8 42. Qxf8+ Kxf8 43. Rxd7 a3 44. Rd8+ 1-0